| 000 | 00416cam a22001217a 4500 | ||
|---|---|---|---|
| 008 | 180718b1959 xxu||||| |||| 00| 0 eng d | ||
| 082 | _aQ055x73 Am35/59 | ||
| 245 |
_aPublic welfare directory, 1959 _cedited by Loula Dunn |
||
| 260 |
_aChicago _bAmerican Public Welfare Association _c1959 |
||
| 650 | _aPublic welfare - Directory - United States | ||
| 700 | _aAmerican Public Welfare Association | ||
| 700 | _aDunn, Loula | ||
| 999 |
_c500808 _d500808 |
||